| 000 | 01544caa a22002651ib4500 | ||
|---|---|---|---|
| 003 | SA-RiAUC | ||
| 005 | 20241223075635.0 | ||
| 008 | 241217s2005_ ts f i000 0 ara c | ||
| 040 |
_aSA-JeALM _bara _cSA-RiAUC _erda |
||
| 082 | 0 | 4 |
_a252.42 _qSA-RiAUC |
| 090 |
_a252.42 _bن ش م |
||
| 100 | 1 |
_aالنشمي، عجيل جاسم _eمؤلف. |
|
| 245 | 1 | 0 |
_aزكاة الأموال المجمدة / _cإعداد الأستاذ الدكتور عجيل جاسم النشمي. |
| 264 |
_aدبي.الامارات : _bمنظمة المؤتمر الاسلامي. _c2005 |
||
| 300 | _a53 صفحة | ||
| 336 |
_aنص _btxt _2rdacontent _3عمل تحليلي |
||
| 337 |
_aبدون وسيط _bn _2rdamedia |
||
| 338 |
_aمجلد _bnc _2rdacarrier |
||
| 500 | _aبحث مقدم إلى مجمع الفقه الإسلامي، في دورته السادسة عشرة لمجلس المجمع المنعقدة في دبي. | ||
| 580 | _aفي : الدورة السادسة عشرة لمجمع الفقه الإسلامي الدولي. -دبي، الإمارات العربية المتحدة : منظمة المؤتمر الإسلامي، مجمع الفقه الإسلامي الدولي، 2005. | ||
| 650 | 7 |
_aزكاة المال (فقه إسلامي) _2aucsh |
|
| 710 | 2 |
_aمنظمة المؤتمر الإسلامي (جدة، السعودية). _bمجمع الفقه الإسلامي الدولي. _bدورة _n(16 : _d2005 : _cدبي، الإمارات العربية المتحدة) |
|
| 942 |
_2ddc _cBOOK _n0 |
||
| 949 |
_aSA-JeALM _d241217 _umohamedma123 _n1 |
||
| 999 |
_c3815 _d3815 |
||